ARRUPE JESUIT UNIVERSITY

CORONAVIRUS -STOP THE SPREAD - CLEAN,DISINFECT,COVER

The ZAPU and ZANU guerrilla warfare and the Evangelical Lutheran Church in Zimbabwe / (Record no. 59760)

MARC details
000 -LEADER
fixed length control field 00872cam a22002535a 4500
001 - CONTROL NUMBER
control field 11866295
003 - CONTROL NUMBER IDENTIFIER
control field ARRUPE
005 - DATE AND TIME OF LATEST TRANSACTION
control field 20170601111744.0
008 - FIXED-LENGTH DATA ELEMENTS--GENERAL INFORMATION
fixed length control field 990924s1999 rh ab b 001 0 eng
010 ## - LIBRARY OF CONGRESS CONTROL NUMBER
LC control number 99892121
020 ## - INTERNATIONAL STANDARD BOOK NUMBER
International Standard Book Number 0869227394
035 ## - SYSTEM CONTROL NUMBER
System control number (DLC) 99892121
040 ## - CATALOGING SOURCE
Original cataloging agency DLC
Transcribing agency DLC
042 ## - AUTHENTICATION CODE
Authentication code lcode
300 ## - PHYSICAL DESCRIPTION
Other physical details ill., maps ;
Dimensions 22 cm.
100 1# - MAIN ENTRY--PERSONAL NAME
Personal name Bhebe, Ngwabi.
9 (RLIN) 16865
245 14 - TITLE STATEMENT
Title The ZAPU and ZANU guerrilla warfare and the Evangelical Lutheran Church in Zimbabwe /
Statement of responsibility, etc by Ngwabi Bhebe.
260 ## - PUBLICATION, DISTRIBUTION, ETC. (IMPRINT)
Place of publication, distribution, etc Gweru, Zimbabwe :
Name of publisher, distributor, etc Mamo Press,
Date of publication, distribution, etc 1999.
300 ## - PHYSICAL DESCRIPTION
Extent x, 329 p. :
440 #0 - SERIES STATEMENT/ADDED ENTRY--TITLE
Title Studia missionalia Upsaliensia ;
Volume number/sequential designation 72
9 (RLIN) 31885
504 ## - BIBLIOGRAPHY, ETC. NOTE
Bibliography, etc Includes bibliographical references (p. 314-329) and index.
906 ## - LOCAL DATA ELEMENT F, LDF (RLIN)
a 7
b ibc
c origode
d 3
e ncip
f 19
g y-gencatlg
942 ## - ADDED ENTRY ELEMENTS (KOHA)
Source of classification or shelving scheme Library of Congress Classification
Koha item type Monograph ( Printed materials)
Holdings
Withdrawn status Lost status Source of classification or shelving scheme Damaged status Not for loan Collection code Home library Current library Shelving location Date acquired Total Checkouts Full call number Barcode Date last seen Date checked out Copy number Price effective from Koha item type
    Library of Congress Classification     Main Collection ARRUPE LIBRARY ARRUPE LIBRARY   05/03/2013 3 DT2988.B46 1999 46003089577 13/06/2018 22/05/2018 1 05/03/2013 Monograph ( Printed materials)
    Library of Congress Classification     Main Collection ARRUPE LIBRARY ARRUPE LIBRARY Main Collection 18/03/2015 1 DT2988.B46 1999 46500000885 03/10/2018 26/09/2018 2 18/03/2015 Monograph ( Printed materials)

 

Arrupe Library. PO Box MP320 Mt Pleasant, Harare, Zimbabwe
263 242 745411|librarian@aju.ac.zw